Geography Quiz

Random Geography or City Quiz

Cities of New Zealand Quiz Stats

 Plays Quiz not verified by Sporcle

Score 0/15 Timer 06:00
0 Plays Today
Rank City % Correct
1.Auckland
98.5%
3.Wellington
98.2%
2.Christchurch
96%
7.Dunedin
84.8%
4.Hamilton
78.4%
5.Napier
69.9%
8.Palmerston North
66.6%
13.Invercargill
65%
Rank City % Correct
10.Rotorua
64.4%
9.Nelson
63.8%
6.Tauranga
59.9%
11.New Plymouth
59.6%
15.Gisborne
47.1%
12.Whangarei
43.8%
14.Whanganui
38.9%

You're not logged in!

Compare scores with friends on all Sporcle quizzes.
OR
Log In

Show Comments

Extras

Top Quizzes Today


Score Distribution

Your Account Isn't Verified!

In order to create a playlist on Sporcle, you need to verify the email address you used during registration. Go to your Sporcle Settings to finish the process.

Report this User

Report this user for behavior that violates our Community Guidelines.

Details: